Quizzes
Events
Quiz Creation
Community
Videos
Private Events
Remove Ads
Sign In
Join for FREE
Feedback
Dark Mode
Quiz Categories
Sports
Geography
Music
Movies
Television
Just For Fun
Miscellaneous
History
Literature
Language
Science
Gaming
Entertainment
Religion
Holiday
For Kids
Quiz Lab
Recent
Popular Today
Quiz Kudos Today
Editor Picks
Curator Picks
Quizzes by...
Day
Popularity
Type
Ratings
Length
Year
Community
Subscriptions
Recent Discussions
Orange Saloon
Badges
Playlists
Quests
Create
Leaderboards
Showdown
Live 5
Trivia Bingo
Activity
Puzzle Library
Sporcle Events
Private Events
Virtual Trivia
Globe League
Become a Host
Pub Owners
SporcleCon
Opinionation
Our Games
Videos
Blog
Mobile Apps
Partnerships
Remove Ads and Go Orange
Feedback
Music
Pop Music
The Beatles
Song
Album
Lyrics
Bands
Singers
Artist
Clip
Rock
Rap
Classical
Billboard
Country Music
Kpop
Taylor Swift
Music
Pop Music
The Beatles
Song
Album
Lyrics
Bands
Singers
Artist
Clip
Rock
Rap
Classical
Billboard
Country Music
Kpop
Taylor Swift
Random Quiz
Search Sporcle
×
Quiz Lab
Quiz Lab
Music
Song
Type in answers that appear in a list
Type in answers that appear in a list
Classic
Best Score? Go Orange.
Sporcle SongPop Game! Stats
Can you name the songs?
By
kim1988
9m
25 Questions
72 Plays
72 Plays
72 Plays
Comments
Comments
Give Quiz Kudos
Give Quiz Kudos
-
- Ratings
hide this ad
Replay
Link that replays current quiz
Next Quiz
Link to next quiz in quiz playlist
You Got
0%
They Got
Avg Score
56%
Avg Friend Score
Upgrade to see
Score Distribution
Jump to the score distribution portion of the page
Score
0/25
Timer
09:00
0
Plays Today
Timing
Song
% Correct
0:56-
1:08
Call Me Maybe
88.9%
2:00-
2:07
Baby
77.8%
3:07-
3:14
La Bamba
73.6%
3:31-
3:39
Wide Awake
73.6%
3:15-
3:21
A Thousand Miles
70.8%
1:21-
1:27
Come On Over
69.4%
0:08-
0:18
Ironic
66.7%
2:18-
2:25
Payphone
65.3%
1:44-
1:50
I Want You Back
63.9%
1:51-
1:56
Domino
61.1%
2:50-
2:57
Take A Bow
58.3%
3:22-
3:30
Wild Ones
58.3%
0:48-
0:55
Sometimes
50%
Timing
Song
% Correct
1:15-
1:20
Because You Loved Me
50%
1:36-
1:43
How Will I Know
48.6%
2:26-
2:33
You Are Not Alone
47.2%
0:39-
0:47
Larger Than Life
45.8%
1:28-
1:35
Don't Dream It's Over
44.4%
0:00-
0:08
Changes
43.1%
2:34-
2:40
You Get What You Give
43.1%
0:19-
0:27
Why
41.7%
2:08-
2:17
Always Be My Baby
41.7%
2:41-
2:47
One Thing
41.7%
2:58-
3:06
Jive Talkin
40.3%
0:28-
0:36
Doctor Jones
37.5%
Quiz Playlist
Details
Report
Send in Message
Add To Playlist
Classic:
Type in answers that appear in a list
Last Updated: Feb 16, 2017
Quiz Scoreboard
CHALLENGE
Sign Up to Join the Scoreboard
Show All
Scores
Hide
Comments
May contain spoilers
Recently Published
Movies - When Are They Set?
by FPL_Elf
Movies
5m
Popular People in 1961
by mucciniale
History
6m
1-10 Letter E Words III
by El_Dandy
Language
2m
More to Explore
Quiz From the Vault
Featured Blog Post
Where Did the Easter Bunny Come From?
hide this ad
You Might Also Like...
Tags
Song Quiz
Music Clip
Today's Top Quizzes in Music
Browse Music
hide this ad
Today's Top Quizzes in Song
Browse Song
Top Contributed Quizzes in Music
1
Taylor Swift All Songs (2024)
2
2010s Album by Cover III
3
One Thing in Common: Music
4
Guess the Artist- 70s Songs
5
Taylor Swift Logic Puzzle
6
Guess the Taylor Swift song (Mystery Song)
7
2010s Album by Cover IV
8
2010s Album by Cover V
9
KPOP LOGIC QUIZ
10
2010s Album by Cover VI
Explore More
Trending Topics
Marvel
Crossword
Kpop
NBA
Harry Potter
Anime
Disney
Puzzle
WWE
Country
The Office
Soccer
Song
Pokémon
NFL
hide this ad
More By:
kim1988
Quiz
Plays
Rating
Category
Featured
Created
Neighbours Trivia Game
1,050
3.33
Television
Jul 1, 2011
Guess The Neighbours Character
1,041
1.33
Television
Jun 27, 2011
Ultimate Sporcle Guess The TV Theme Tune Game
925
4.25
Television
Oct 23, 2012
Guess The Celebrity Couples
377
1.80
Entertainment
Jul 8, 2013
Michael Jackson SongPop Game!
224
3.00
Music
Sep 19, 2012
Go to Creator's Profile
Score Distribution
Quiz Creator Spotlight
kim1988
Follow
Send a Message
Quizzes Created
-
Created Quiz Play Count
-
More By This Creator
Popular Quizzes Today
1
Find the Countries of Europe - No Outlines Minefield
2
Find the US States - No Outlines Minefield
3
The Countries of the World
4
Popular People in 1961
5
1-10 Letter E Words III
6
US States
7
Find the US States
8
One Thing in Common: World Cities II
More Music Quizzes
Nirvana or Foo Fighters?
Published
Trending Quizzes
Risky Map Clicking: Least Populous States A-Z
Humor Books: The Subtitles
1-10 Letter F Words
1-10 Letter G Words
One Thing in Common: United Kingdom
Recently Updated
Leaping Animals
pecheneg
Reality TV Shows (A-Z)
bhenderson79
Rickey Henderson's Hall of Fame Teammates
pecheneg
Champions League XIs: Arsenal
pecheneg
Quick Pick: Celebrities in WWE's Hall of Fame
aduchscher
A-Z Keypad Blitz II
pecheneg
Multiple Oscar Actors
pecheneg
Mystery Phrase Blitz: Oscar 'Best Actors'
pecheneg
F. Scott Fitzgerald Novels
LTH
Pick 3 Villains
ddd62291
Trending Topics
Kpop
Anime
Marvel
Crossword
Disney
Harry Potter
NBA
Puzzle
The Office
Song
Pokémon
Soccer
WWE
NFL
Country
Your Account Isn't Verified!
In order to create a playlist on Sporcle, you need to verify the email address you used during registration. Go to your
Sporcle Settings
to finish the process.
Report this User
Report this user for behavior that violates our
Community Guidelines
.
Details:
Send Report
Go to the Sporcle.com Mobile Site →
Comments